000
00250nam a2200097Ia 4500
001
679862
005
20250826161330.0
008
250824s9999 xx 000 0 und d
245
0
_a
YOLUN BAŞINDAKİLER
_c
CEMİL KAVUKÇU
260
_b
GÜNIŞIĞI YAYINLARI
999
_c
679862
_d
679862